[Event "ICS rated blitz match"]
[Site "204.178.125.65"]
[Date "1999.09.08"]
[Round "?"]
[White "Talmoves"]
[Black "Hossa"]
[Result "0-1"]
[WhiteElo "2501"]
[BlackElo "2509"]
[PlyCount "144"]
[EventDate "1999.??.??"]

1. c4 e6 2. d4 Nf6 3. Nf3 Be7 4. Nc3 d5 5. cxd5 exd5 6. Bg5 O-O 7. e3 Bg4 8.
Bd3 Nbd7 9. Qb3 Bxf3 10. gxf3 c5 11. Qxb7 cxd4 12. exd4 Re8 13. O-O-O a5 14.
Bf4 Rc8 15. Kb1 Nb6 16. Rhg1 Bb4 17. Bh6 Nh5 18. Bxh7+ Kf8 19. Bg5 Be7 20. Be3
a4 21. Bf5 Rb8 22. Qc6 a3 23. b3 Qd6 24. Qxd6 Bxd6 25. Nb5 Be7 26. Nc7 Red8 27.
Rc1 Kg8 28. Bg5 Bxg5 29. Rxg5 Nf4 30. Na6 Ra8 31. Nb4 Ne2 32. Rc6 Nc4 33. Bg4
Nxd4 34. Rc7 Rdb8 35. Nxd5 Rxb3+ 36. Kc1 Ne2+ 37. Kd1 Nc3+ 38. Kc2 Nxd5 39.
Rxd5 Rb2+ 40. Kc1 Rxa2 41. Rxc4 Ra1+ 42. Kd2 a2 43. Bf5 Rd1+ 44. Kxd1 a1=Q+ 45.
Rc1 Qa4+ 46. Ke2 Qa2+ 47. Rd2 Re8+ 48. Be4 Qa6+ 49. Ke1 f5 50. Re2 fxe4 51.
fxe4 Qa5+ 52. Kf1 Qh5 53. Rc3 Qxh2 54. f3 Qh3+ 55. Kf2 Rf8 56. Rd2 g5 57. Rd5
Kh7 58. Rf5 Rxf5 59. exf5 g4 60. Ke2 Qg2+ 61. Kd1 gxf3 62. Rc7+ Kh6 63. Rc6+
Kg5 64. Rg6+ Kxf5 65. Rc6 Qe2+ 66. Kc1 f2 67. Rc5+ Ke4 68. Kb1 f1=Q+ 69. Rc1
Qxc1+ 70. Kxc1 Kd4 71. Kb1 Kc3 72. Ka1 72... Qb2# {Talmoves checkmated} 0-1

[Event "ICS rated blitz match"]
[Site "204.178.125.65"]
[Date "1999.08.30"]
[Round "?"]
[White "Talmoves"]
[Black "Hossa"]
[Result "1-0"]
[WhiteElo "2511"]
[BlackElo "2458"]
[PlyCount "105"]
[EventDate "1999.??.??"]

1. e4 e5 2. Nf3 Nf6 3. Nxe5 d6 4. Nf3 Nxe4 5. d4 Bg4 6. Bd3 d5 7. O-O Be7 8. c4
c6 9. Re1 Nf6 10. Qb3 b5 11. cxb5 Bxf3 12. gxf3 O-O 13. Nc3 Re8 14. Bf4 Kh8 15.
Bf5 Nh5 16. Be5 f6 17. Bg3 g6 18. Bg4 Ng7 19. Rad1 f5 20. Bh3 Bf6 21. Rxe8+
Nxe8 22. Qa4 Qd7 23. Bxb8 Rxb8 24. bxc6 Qf7 25. b3 Rb6 26. Bg2 Nc7 27. Qxa7
Rxc6 28. Qb8+ Kg7 29. Nb5 Na6 30. Qa8 Qe6 31. Qb7+ Kh8 32. a4 Rb6 33. Qa7 Rc6
34. Qa8+ Rc8 35. Qb7 Rb8 36. Qa7 Rc8 37. f4 Nb4 38. Qb7 Rd8 39. a5 Bg7 40. Qb6
Qe7 41. Nc7 Bh6 42. Ne6 Rc8 43. Nc5 Qe2 44. Rf1 Qd2 45. Qb7 Re8 46. Qf7 Rf8 47.
Qd7 Qa2 48. Ne6 Qxa5 49. Nxf8 Bxf8 50. Rc1 Nd3 51. Qf7 h5 52. Bxd5 Qd2 53. Qg8#
{Hossa checkmated} 1-0

[Event "ICS rated blitz match"]
[Site "204.178.125.65"]
[Date "1999.09.09"]
[Round "?"]
[White "Talmoves"]
[Black "Hossa"]
[Result "1/2-1/2"]
[WhiteElo "2472"]
[BlackElo "2492"]
[PlyCount "174"]
[EventDate "1999.??.??"]

1. Nf3 Nf6 2. c4 e6 3. d4 d5 4. Nc3 c6 5. e3 Bb4 6. Bd3 O-O 7. O-O c5 8. a3 Ba5
9. dxc5 Bxc3 10. bxc3 Nbd7 11. cxd5 exd5 12. Bc2 Nxc5 13. Qd4 b6 14. Bb2 Ba6
15. Rfd1 Be2 16. Rd2 Bxf3 17. gxf3 Rc8 18. Rad1 Qe8 19. Qh4 Ncd7 20. Bf5 Ne5
21. Qg3 Rc5 22. Bd3 Nxd3 23. Rxd3 Qe6 24. c4 dxc4 25. Rd6 Nh5 26. Qg2 Qe8 27.
Bd4 Rc6 28. Rxc6 Qxc6 29. Qg4 Qg6 30. Be5 Re8 31. Rd6 Qxg4+ 32. fxg4 f5 33. Bd4
fxg4 34. Rc6 Nf6 35. Rxc4 Nd5 36. Kf1 h5 37. Rc6 Kf7 38. a4 Rd8 39. a5 bxa5 40.
Ra6 Ne7 41. Rxa7 Rd5 42. Ke2 Ke6 43. Bxg7 Nc6 44. Ra6 Rd6 45. Ra8 Kf5 46. Bc3
Rd5 47. Rf8+ Ke6 48. Rf6+ Kd7 49. Rf7+ Kd6 50. Bg7 a4 51. Bf8+ Ke6 52. Rh7 Rf5
53. Ba3 Kd5 54. Rd7+ Kc4 55. Rc7 Kb3 56. Bd6 Nd8 57. Ra7 Rf3 58. h4 Nc6 59. Ra6
Nd8 60. Be7 Nf7 61. Ra5 Nh6 62. Rb5+ Kc3 63. Rc5+ Kb3 64. Bd6 Nf5 65. Bf4 Nxh4
66. Rb5+ Kc4 67. Rxh5 Ng6 68. Bd6 Rf6 69. Rc5+ Kb3 70. Rb5+ Kc3 71. Ba3 Rc6 72.
Rb7 Rc8 73. Rb6 Nh4 74. Rb1 Rc4 75. Bb2+ Kc2 76. Rc1+ Kb3 77. Rxc4 Kxc4 78. Bf6
Nf3 79. Be7 Kc3 80. Bf6+ Kc2 81. Be7 Nd2 82. Bf8 Nb1 83. f3 a3 84. Bxa3 Nxa3
85. fxg4 Nb5 86. e4 Nd4+ 87. Ke3 87... Ne6 {
Talmoves ran out of time and Hossa has no material to mate} 1/2-1/2

[Event "ICS rated blitz match"]
[Site "204.178.125.65"]
[Date "1999.09.26"]
[Round "?"]
[White "Talmoves"]
[Black "Hossa"]
[Result "1-0"]
[WhiteElo "2512"]
[BlackElo "2515"]
[PlyCount "107"]
[EventDate "1999.??.??"]

1. c4 c5 2. Nf3 g6 3. d4 Bg7 4. e4 cxd4 5. Nxd4 Nf6 6. Nc3 O-O 7. Be2 Nc6 8.
Be3 d6 9. O-O Nxd4 10. Bxd4 b6 11. Qd2 Ba6 12. f3 Rc8 13. b3 e6 14. Rfd1 Qe7
15. a4 Rfe8 16. a5 Qb7 17. axb6 axb6 18. Na4 Rc6 19. Qb4 Rb8 20. Nc3 Ra8 21.
Bf1 Qc7 22. Nb5 Qd8 23. Ra4 d5 24. Bxf6 Bxf6 25. Qa3 Be7 26. Qa1 Bb7 27. cxd5
Rxa4 28. bxa4 exd5 29. exd5 Rf6 30. Bc4 Rf4 31. Bb3 Bc5+ 32. Kh1 Rf5 33. d6
Rxf3 34. Bd5 Bxd5 35. Rxd5 Re3 36. Rd1 Re6 37. Qc3 Qd7 38. Qd3 Kh8 39. a5 Re3
40. Qc4 f5 41. a6 Qe8 42. Qc1 Qf8 43. d7 Re8 44. Qa1+ Kg8 45. dxe8=Q Qxe8 46.
a7 Qa8 47. Rd7 Bf8 48. Rc7 g5 49. Nd6 b5 50. Qa2+ Kh8 51. Qf7 Be7 52. Rxe7
Qxg2+ 53. Kxg2 f4 54. Qxh7# {Hossa checkmated} 1-0

[Event "ICS rated blitz match"]
[Site "204.178.125.65"]
[Date "1999.10.08"]
[Round "?"]
[White "Talmoves"]
[Black "Hossa"]
[Result "1-0"]
[WhiteElo "2603"]
[BlackElo "2435"]
[PlyCount "83"]
[EventDate "1999.??.??"]

1. c4 e6 2. d4 d5 3. Nc3 Nf6 4. Nf3 Bb4 5. Bg5 O-O 6. e3 c5 7. cxd5 exd5 8. Be2
cxd4 9. Nxd4 Bxc3+ 10. bxc3 Qa5 11. Bxf6 Qxc3+ 12. Kf1 gxf6 13. Rc1 Qb2 14. Rc2
Qb6 15. Bd3 Nc6 16. Nxc6 bxc6 17. Qh5 f5 18. Qg5+ Kh8 19. Qf6+ Kg8 20. Rxc6 Qa5
21. Qg5+ Kh8 22. Qh4 Qxa2 23. Qf6+ Kg8 24. g3 Qd2 25. Bxf5 Bxf5 26. Qxf5 Qb4
27. Qg5+ Kh8 28. Kg2 Qe4+ 29. f3 Qd3 30. Qe5+ Kg8 31. Qg5+ Kh8 32. Qf6+ Kg8 33.
Ra1 Qxe3 34. Ra4 h5 35. Rf4 Qd2+ 36. Kh3 Qxf4 37. gxf4 Rfd8 38. Rc7 Rd7 39.
Rxd7 Rf8 40. Rxd5 a6 41. Rxh5 Rd8 42. Rh8# {Hossa checkmated} 1-0

[Event "ICS rated blitz match"]
[Site "204.178.125.65"]
[Date "1999.09.04"]
[Round "?"]
[White "Talmoves"]
[Black "Hossa"]
[Result "1-0"]
[WhiteElo "2458"]
[BlackElo "2455"]
[PlyCount "135"]
[EventDate "1999.??.??"]

1. Nf3 Nf6 2. c4 e6 3. d4 d5 4. g3 dxc4 5. Bg2 Bb4+ 6. Bd2 Be7 7. Qa4+ Nbd7 8.
Qxc4 O-O 9. Nc3 c5 10. dxc5 Nxc5 11. O-O e5 12. Bg5 Nfd7 13. Bxe7 Qxe7 14. Nd5
Qd6 15. Rfd1 e4 16. Ng5 Ne5 17. Qd4 f5 18. Ne6 Qxe6 19. Nc7 Qf6 20. Nxa8 b6 21.
Nc7 Ne6 22. Qc3 Nxc7 23. Qxc7 Ng4 24. h3 Nh6 25. Rab1 Ba6 26. Rd6 Qe5 27. Rd7
Qxc7 28. Rxc7 Rf7 29. Rbc1 Bxe2 30. Rc8+ Rf8 31. Rxf8+ Kxf8 32. Rc8+ Ke7 33.
Rc7+ Kf6 34. Rxa7 Nf7 35. a4 Bd1 36. b4 Bb3 37. a5 bxa5 38. bxa5 g5 39. Rc7 Bd5
40. a6 f4 41. Rc5 Ba8 42. Rc8 Bd5 43. gxf4 gxf4 44. a7 Bb7 45. a8=Q Bxa8 46.
Rxa8 f3 47. Bf1 Nd6 48. Rd8 Nf5 49. Bb5 Kg5 50. Bc6 Kf4 51. Re8 e3 52. Re4+ Kg5
53. fxe3 h6 54. Bd7 Nd6 55. h4+ Kh5 56. Rd4 Nf7 57. Be8 Kg6 58. Rf4 Kg7 59.
Rxf7+ Kg8 60. Kf2 h5 61. Rd7 Kf8 62. Bxh5 Kg8 63. e4 Kf8 64. e5 Kg8 65. e6 Kf8
66. e7+ Kg7 67. e8=Q+ Kf6 68. Rf7# {Hossa checkmated} 1-0

[Event "ICS rated blitz match"]
[Site "204.178.125.65"]
[Date "1999.08.28"]
[Round "?"]
[White "Talmoves"]
[Black "Hossa"]
[Result "0-1"]
[WhiteElo "2480"]
[BlackElo "2519"]
[PlyCount "81"]
[EventDate "1999.??.??"]

1. e4 e5 2. Nf3 Nc6 3. Bb5 a6 4. Ba4 b5 5. Bb3 Bc5 6. c3 Nf6 7. O-O Nxe4 8. d4
exd4 9. cxd4 Be7 10. d5 Na5 11. Bc2 Nd6 12. Qe1 Nac4 13. Nc3 O-O 14. b3 Nb6 15.
Ba3 Re8 16. Qd2 Ne4 17. Nxe4 Bxa3 18. Neg5 g6 19. Qd4 Bb7 20. Rae1 Rxe1 21.
Rxe1 Bxd5 22. Ne4 Bxe4 23. Bxe4 d5 24. Rd1 c6 25. Bb1 Nd7 26. Kh1 Bc5 27. Qd2
Qb6 28. Re1 Bxf2 29. Re7 Nf6 30. Ne5 Bd4 31. Nxf7 Kf8 32. Ne5 Kxe7 33. Qxd4
Qxd4 34. Nxc6+ Kd6 35. Nxd4 Re8 36. Nc2 Ne4 37. Kg1 Nc3 38. Na3 Nxb1 39. Nxb1
Re1+ 40. Kf2 Rxb1 41. Ke3 {Talmoves resigns} 0-1

[Event "ICS rated blitz match"]
[Site "204.178.125.65"]
[Date "1999.08.31"]
[Round "?"]
[White "Talmoves"]
[Black "Hossa"]
[Result "1-0"]
[WhiteElo "2526"]
[BlackElo "2550"]
[PlyCount "92"]
[EventDate "1999.??.??"]

1. e4 e5 2. Nf3 Nc6 3. Bb5 a6 4. Ba4 Nf6 5. O-O Be7 6. Re1 b5 7. Bb3 O-O 8. c3
d6 9. h3 Nd7 10. d4 Na5 11. Bc2 c5 12. Nbd2 Bf6 13. dxc5 dxc5 14. Nf1 Bb7 15.
b3 Qe8 16. Ba3 Qe6 17. Ne3 Rfd8 18. Qe2 Nc6 19. Nd5 Ra7 20. Nxf6+ Qxf6 21. Rad1
Qe7 22. Qf1 b4 23. Bc1 a5 24. Qb5 Qe6 25. Ng5 Qg6 26. Qd3 Raa8 27. Qe3 Rac8 28.
Kh1 Qf6 29. Nf3 Qe6 30. Bd3 Rc7 31. Bc4 Qg6 32. Ng5 Nf6 33. Qxc5 Rxd1 34. Rxd1
Qh5 35. g4 Qg6 36. Rd8+ Nxd8 37. Qxc7 Bxe4+ 38. Kg1 Ne6 39. Qc8+ Nf8 40. Bxf7+
Qxf7 41. Nxf7 Kxf7 42. Qc7+ Kg6 43. Qxe5 bxc3 44. f4 a4 45. Ba3 N8d7 46. f5+
46... Kh6 {Hossa resigns} 1-0

[Event "ICS rated blitz match"]
[Site "204.178.125.65"]
[Date "1999.08.27"]
[Round "?"]
[White "TerminatorII"]
[Black "Hossa"]
[Result "1/2-1/2"]
[WhiteElo "2058"]
[BlackElo "2400"]
[PlyCount "151"]
[EventDate "1999.??.??"]

1. d4 Nf6 2. Nf3 e6 3. c4 Bb4+ 4. Bd2 Bxd2+ 5. Qxd2 d5 6. Nc3 O-O 7. e3 Nbd7 8.
cxd5 exd5 9. Bd3 c5 10. O-O cxd4 11. exd4 Re8 12. Rfe1 Nf8 13. Rxe8 Nxe8 14. h3
Be6 15. Re1 Rc8 16. Ne5 f6 17. Nf3 Nd6 18. b3 Qd7 19. Na4 Bxh3 20. gxh3 Qxh3
21. Qf4 Rc6 22. Qg3 Qh5 23. Nc5 b6 24. Na4 Nf7 25. Kg2 Nh8 26. Rh1 Qf7 27. Nb2
Nhg6 28. Nd1 Rc1 29. Ne3 Rc6 30. Nh4 Ne7 31. Nhf5 Nxf5 32. Nxf5 Kh8 33. Re1 Re6
34. Rxe6 Nxe6 35. Qb8+ Qf8 36. Qxf8+ Nxf8 37. Ne7 Ne6 38. Nxd5 Nxd4 39. f4 f5
40. Kf2 g6 41. Ke3 Ne6 42. Bc4 Nc5 43. Kd4 Ne6+ 44. Ke5 Nc5 45. Nf6 Kg7 46.
Ne8+ Kh6 47. Nd6 Nd7+ 48. Kd4 Kh5 49. Be2+ Kh4 50. Nc8 a5 51. Bb5 Nf6 52. Nxb6
Kg3 53. Ke5 Ng4+ 54. Kd4 Nf6 55. Nd5 Nxd5 56. Kxd5 Kxf4 57. a3 Ke3 58. b4 axb4
59. axb4 g5 60. Ke5 f4 61. Kf5 Kd4 62. Bf1 h6 63. Kg4 Ke4 64. Bg2+ Ke5 65. b5
Ke6 66. b6 Kd6 67. b7 Kc7 68. Bf3 Kb8 69. Kh5 Ka7 70. Kg4 Kb8 71. Kh5 Ka7 72.
Kxh6 g4 73. Bxg4 Kxb7 74. Bf3+ Kc7 75. Kg5 Kd6 76. Kxf4 {
Game drawn because neither player has mating material} 1/2-1/2

[Event "ICS rated blitz match"]
[Site "204.178.125.65"]
[Date "1999.10.12"]
[Round "?"]
[White "TheBad"]
[Black "Hossa"]
[Result "0-1"]
[WhiteElo "2073"]
[BlackElo "2362"]
[PlyCount "90"]
[EventDate "1999.??.??"]

1. d4 Nf6 2. c4 g6 3. Nc3 Bg7 4. e4 d6 5. Be2 O-O 6. Bg5 h6 7. Be3 e5 8. d5
Nbd7 9. Qc2 c6 10. dxc6 bxc6 11. O-O-O d5 12. cxd5 cxd5 13. exd5 Nb6 14. Bc5
Bf5 15. Bd3 e4 16. Bb5 Rc8 17. Bxf8 Bxf8 18. Bc6 e3 19. Qb3 exf2 20. Nf3 Bd6
21. Rd4 Bc5 22. Rd2 Be3 23. Rf1 Nbxd5 24. Bxd5 Qxd5 25. Qxd5 Nxd5 26. Rfxf2 f6
27. Nh4 Bd3 28. Kd1 Rxc3 29. bxc3 Nxc3+ 30. Ke1 Ne4 31. Rxd3 Bxf2+ 32. Ke2 Bxh4
33. g3 Bg5 34. Rd7 a5 35. Ra7 Nc3+ 36. Kd3 Nxa2 37. Rxa5 Nc1+ 38. Ke4 f5+ 39.
Ke5 Kf7 40. Ra7+ Be7 41. h4 Ne2 42. g4 fxg4 43. Ke4 h5 44. Ke3 Ng3 45. Kf4
45... Nf5 {TheBad resigns} 0-1

[Event "ICS rated blitz match"]
[Site "204.178.125.65"]
[Date "1999.10.01"]
[Round "?"]
[White "TheBad"]
[Black "Hossa"]
[Result "0-1"]
[WhiteElo "2112"]
[BlackElo "2354"]
[PlyCount "58"]
[EventDate "1999.??.??"]

1. e4 c6 2. d4 d5 3. Nc3 dxe4 4. Nxe4 Nd7 5. Bc4 b5 6. Bd3 e5 7. Nf3 exd4 8.
Qe2 Bb4+ 9. Bd2 Bxd2+ 10. Nexd2+ Ne7 11. a4 Nc5 12. axb5 O-O 13. O-O Re8 14.
Rfe1 Bd7 15. Nxd4 Nxd3 16. Qxd3 cxb5 17. Qf3 a5 18. c4 bxc4 19. Nxc4 Rb8 20.
Nd6 Rf8 21. Qc3 a4 22. Rad1 Qb6 23. Nc4 Qc5 24. Re5 Nd5 25. Qd3 Rfd8 26. Ne3
Be6 27. Nxd5 Rxd5 28. h3 Rxe5 29. Nxe6 29... Rxe6 {TheBad resigns} 0-1

[Event "ICS rated blitz match"]
[Site "204.178.125.65"]
[Date "1999.09.25"]
[Round "?"]
[White "TheBad"]
[Black "Hossa"]
[Result "0-1"]
[WhiteElo "2007"]
[BlackElo "2402"]
[PlyCount "98"]
[EventDate "1999.??.??"]

1. e4 Nf6 2. e5 Nd5 3. d4 d6 4. Nf3 g6 5. Bc4 Nb6 6. Bb3 Bg7 7. Ng5 e6 8. Qf3
O-O 9. Qh3 h5 10. f4 Nc6 11. c3 Na5 12. Bc2 dxe5 13. dxe5 Nd5 14. O-O Nc6 15.
Na3 Bh6 16. Ne4 f5 17. exf6 Nxf6 18. Qg3 Ne7 19. Be3 Nfd5 20. Bd2 Bg7 21. Rad1
b6 22. c4 Bd4+ 23. Nf2 h4 24. Qf3 Bxb2 25. cxd5 exd5 26. Nb1 c5 27. Bc3 Bxc3
28. Nxc3 Be6 29. Nh3 Qd7 30. Ng5 Bg4 31. Qd3 Bxd1 32. Rxd1 Rad8 33. Re1 Rf6 34.
Re5 Rf5 35. Rxf5 Qxf5 36. Qxf5 Nxf5 37. Bxf5 gxf5 38. Kf2 d4 39. Nd1 c4 40. Ne6
Rd6 41. Nc7 c3 42. Nb5 c2 43. Nxd6 cxd1=Q 44. Nxf5 Qc2+ 45. Kf3 Qxf5 46. g4
Qd3+ 47. Kf2 Qe3+ 48. Kg2 h3+ 49. Kf1 49... d3 {TheBad resigns} 0-1

[Event "ICS rated blitz match"]
[Site "204.178.125.65"]
[Date "1999.10.01"]
[Round "?"]
[White "TheBad"]
[Black "Hossa"]
[Result "0-1"]
[WhiteElo "2103"]
[BlackElo "2322"]
[PlyCount "72"]
[EventDate "1999.??.??"]

1. Nf3 d5 2. d4 Nf6 3. e3 Bg4 4. Bb5+ c6 5. Bd3 Nbd7 6. h3 Bxf3 7. Qxf3 e5 8.
Qg3 Nh5 9. Qf3 g6 10. e4 exd4 11. exd5 Ne5 12. Qe2 Qxd5 13. O-O O-O-O 14. Be4
Qe6 15. Re1 Nf6 16. Bf4 Bb4 17. Nd2 Rhe8 18. f3 Nxe4 19. Qxe4 Qd5 20. Qxd5 Rxd5
21. Re4 f5 22. Re2 Nxf3+ 23. Kf2 Rxe2+ 24. Kxe2 Nxd2 25. Bxd2 Re5+ 26. Kd3 Bxd2
27. Kxd2 c5 28. Rg1 c4 29. g4 f4 30. g5 Re3 31. h4 Kc7 32. Rg4 c3+ 33. bxc3
dxc3+ 34. Kd1 Re4 35. Rg2 Rd4+ 36. Ke2 36... Rd2+ {TheBad resigns} 0-1

[Event "ICS rated blitz match"]
[Site "204.178.125.65"]
[Date "1999.10.02"]
[Round "?"]
[White "ThunderLips"]
[Black "Hossa"]
[Result "1-0"]
[WhiteElo "2554"]
[BlackElo "2410"]
[PlyCount "61"]
[EventDate "1999.??.??"]

1. e4 c5 2. c3 d5 3. exd5 Qxd5 4. d4 Nf6 5. Nf3 e6 6. Na3 Qd8 7. Bf4 cxd4 8.
Nxd4 Bxa3 9. Qa4+ Nbd7 10. Qxa3 Ne4 11. Bb5 e5 12. Bxe5 Qg5 13. Bg3 Nxg3 14.
hxg3 Kd8 15. O-O Kc7 16. Rfe1 a6 17. Rad1 Qf6 18. Ne6+ Kb8 19. Qd6+ Ka7 20.
Bxd7 fxe6 21. Rxe6 Qg5 22. Qb6+ Kb8 23. Rc6 g6 24. Qc7+ Ka7 25. Rdd6 Qa5 26.
Qxa5 bxc6 27. Qc7+ Bb7 28. Bxc6 Rab8 29. Bd5 Rhf8 30. Qb6+ Ka8 31. Qxa6# {
Hossa checkmated} 1-0

[Event "ICS rated blitz match"]
[Site "204.178.125.65"]
[Date "1999.10.15"]
[Round "?"]
[White "ThunderLips"]
[Black "Hossa"]
[Result "0-1"]
[WhiteElo "2574"]
[BlackElo "2391"]
[PlyCount "144"]
[EventDate "1999.??.??"]

1. e4 e5 2. Nf3 Nc6 3. Bb5 a6 4. Ba4 Nf6 5. O-O Be7 6. Re1 b5 7. Bb3 O-O 8. c3
d6 9. h3 Be6 10. d4 Bxb3 11. axb3 exd4 12. cxd4 d5 13. e5 Nd7 14. Nc3 Nb4 15.
Bf4 c5 16. Re2 cxd4 17. Nxd4 Nb6 18. e6 Bc5 19. Be5 Qc8 20. exf7+ Rxf7 21. Rc1
Nd7 22. Bg3 Qb7 23. Qd2 Rc8 24. Rce1 Qb6 25. Re6 Qd8 26. Bd6 Bxd6 27. Rxd6 Qc7
28. Rde6 Nf8 29. R6e5 Qd8 30. Ncxb5 axb5 31. Qxb4 Ng6 32. R5e2 Qb6 33. Re6 Qa7
34. Rd1 Rb8 35. g3 Rff8 36. f4 Rf7 37. Kg2 Qb7 38. Rde1 Rff8 39. f5 Nh8 40. Nc6
d4 41. R1e4 Ra8 42. Ne7+ Kf7 43. Qxd4 Rfd8 44. Nd5 Re8 45. Re7+ Rxe7 46. Rxe7+
Qxe7 47. Nxe7 Re8 48. Nd5 Re2+ 49. Kf1 Re8 50. f6 Rg8 51. fxg7 Rxg7 52. Qf6+
Ke8 53. Qg6+ Nxg6 54. Kf2 Rf7+ 55. Kg2 Kd7 56. g4 Nf4+ 57. Kg3 Nxd5 58. Kh4 Rf2
59. Kh5 Rxb2 60. h4 Rxb3 61. g5 Rb4 62. Kh6 Rxh4+ 63. Kg7 Ke6 64. Kf8 Kf5 65.
Kf7 b4 66. Kg7 b3 67. Kf8 b2 68. Kg7 Kxg5 69. Kf7 Re4 70. Kg7 Re7+ 71. Kf8 Kg6
72. Kg8 72... Re8# {ThunderLips checkmated} 0-1

[Event "ICS rated blitz match"]
[Site "204.178.125.65"]
[Date "1999.10.01"]
[Round "?"]
[White "ThunderLips"]
[Black "Hossa"]
[Result "1-0"]
[WhiteElo "2543"]
[BlackElo "2425"]
[PlyCount "92"]
[EventDate "1999.??.??"]

1. d4 f5 2. g3 Nf6 3. Bg2 g6 4. Nh3 Bg7 5. Nf4 O-O 6. h4 c5 7. dxc5 Na6 8. Be3
Ng4 9. Bc1 Nxc5 10. f3 Nf6 11. h5 Nxh5 12. Nxh5 gxh5 13. c3 d5 14. Na3 h4 15.
Rxh4 e5 16. Be3 Ne6 17. Qd3 Bf6 18. Rh5 Be7 19. f4 Bxa3 20. bxa3 e4 21. Qd2 Qd6
22. Rd1 Ng7 23. Rh4 Qg6 24. Kf2 Ne6 25. Qxd5 Rd8 26. Qb3 Rxd1 27. Qxd1 Kh8 28.
Qd6 a5 29. g4 Kg8 30. gxf5 Qxf5 31. Qe7 h5 32. Bxe4 Qf7 33. Qxf7+ Kxf7 34. Rxh5
Kg8 35. Bd5 Kg7 36. f5 Nc7 37. Bd4+ Kf8 38. Rh8+ Ke7 39. f6+ Kd6 40. Rd8+ Bd7
41. Rxa8 Kxd5 42. f7 Ne6 43. Re8 Nc7 44. Re5+ Kc6 45. Rc5+ Kb6 46. f8=Q 46...
Ne6 {Hossa resigns} 1-0

[Event "ICS rated blitz match"]
[Site "204.178.125.65"]
[Date "1999.09.26"]
[Round "?"]
[White "ThunderLips"]
[Black "Hossa"]
[Result "1-0"]
[WhiteElo "2158"]
[BlackElo "2490"]
[Annotator "Fritz 5.32 (60s)"]
[PlyCount "107"]
[EventDate "1999.??.??"]

1. e4 c5 2. c3 d5 3. exd5 Qxd5 4. d4 Nf6 5. Nf3 e6 6. Na3 cxd4 7. Nb5 Qd8 8.
Nbxd4 Be7 9. Bf4 (9. Bd3 a6 (9... O-O 10. O-O Nbd7 11. Qe2 Re8 12. Bf4 Bc5 13.
Nb5 Nd5 14. Bd6 a6 15. c4 axb5 16. Bxc5 Nf4 17. Bxh7+ Kxh7 18. Qe4+ Ng6 19.
Rfd1 Rh8 20. Be3 bxc4 21. Ng5+ Kg8 22. Rd6 Qe7 23. Rad1 Rh4 24. Qc2 {
Harth,T-Banusz,V/HUN 1998/EXT 99/0-1 (34)}) 10. O-O O-O 11. Qe2 Qc7 12. c4 Re8
13. Bg5 Nbd7 14. Rfe1 Nf8 15. Ne5 Bd7 16. Rad1 Rad8 17. Bc2 Qc5 18. a3 a5 19.
Ndf3 Bc6 20. Be3 Bxf3 21. Nxf3 Qc7 22. Bd4 Ng6 23. g3 23... Bc5 {
Petronijevic,Z-Kahn,E/Budapest 1996/CBM 53 ext/1-0 (64)}) 9... O-O 10. Bc4 $146
(10. Bd3 a6 11. O-O Nbd7 12. Qc2 Nc5 13. Rad1 Nxd3 14. Rxd3 Nd5 15. Bg3 Qe8 16.
Rfd1 b5 17. Ne2 Bb7 18. Nf4 Nxf4 19. Bxf4 Be4 20. Qe2 Bxd3 21. Rxd3 Rd8 22. Ne5
f6 23. Nd7 Rf7 24. Qxe6 24... Ba3 {
Maurino,L-Vallejo Pons,F/Bratislava 1993/TD/0-1 (50)}) 10... Nd5 11. Bg3 Nb6
12. Bd3 N8d7 13. Qc2 13... g6 {Kontrolliert f5} 14. O-O Nc5 15. Be2 Nd5 16. b4
Nd7 17. a3 a5 18. h3 Re8 19. c4 N5f6 20. c5 {Weiss engt den Gegner ein} 20...
axb4 21. axb4 Rxa1 22. Rxa1 Nd5 23. Qb3 N7f6 24. Be5 Nd7 25. Bh2 Bf6 26. Bc4
Nf8 27. Bd6 Nb6 28. Bb5 Nbd7 29. Ra8 e5 30. c6 bxc6 (30... exd4 $4 {
der Springer ist tabu} 31. c7 $1 {das wars} 31... Nb6 32. cxd8=Q Rxd8 33. Rxc8
Rxc8 34. Bc5 $18) 31. Nxc6 Qb6 32. Qd5 e4 33. Nce5 (33. Ng5 $5 33... Bxg5 34.
Qxg5 $18) 33... Bxe5 34. Nxe5 {Droht Matt: Qxf7} 34... Rxe5 35. Bxe5 Bb7 36.
Qxd7 {Es droht Matt} 36... Bxa8 37. Qe7 {
Droht Matt. Weiss erhaelt Koenigsangriff} 37... Qe6 (37... Qxb5 $4 {
Schwarz kann den Laeufer nicht nehmen} 38. Qf6 Qxe5 39. Qxe5 $18) 38. Qc7 38...
Qd5 $16 (38... e3 39. Qb8 39... Qa2 $11) 39. Bc4 {Mit der Mattdrohung Bxd5}
39... Qd1+ 40. Kh2 {Es droht Matt} 40... Qd7 41. Qb8 {Weiss droht stark Bd6}
41... Qb7 $4 {ein Fehler in schlechter Stellung} (41... Bc6 $18 $142) 42. Qe8 (
42. Qd8 $142 {entschiede die Partie sofort} 42... e3 43. f3 $18) 42... e3 {
Mit der Mattdrohung Qxg2} 43. f3 Qd7 44. Qxa8 Qe7 (44... e2 {
nuetzt auch nichts mehr} 45. Bxe2 Qe7 46. Qb8 $18) 45. Qb8 {Weiss plant Bd6}
45... e2 46. Bxe2 {Mit der Idee Bd6} 46... h5 {
Wenn Schwarz nun zu Kh7 kommt, geht es ihm besser} 47. Bd6 {Droht Matt} 47...
Qd7 48. Qxf8+ Kh7 49. Be5 f6 50. Bxf6 Qc7+ 51. g3 Qxg3+ 52. Kxg3 h4+ 53. Kg2 g5
54. Qg7# (54. Bd3#) 1-0

[Event "ICS rated blitz match"]
[Site "204.178.125.65"]
[Date "1999.09.28"]
[Round "?"]
[White "ThunderLips"]
[Black "Hossa"]
[Result "1-0"]
[WhiteElo "2338"]
[BlackElo "2464"]
[Annotator "Fritz 5.32 (60s)"]
[PlyCount "90"]
[EventDate "1999.??.??"]

1. e4 d5 2. exd5 c6 3. dxc6 Nxc6 4. Bb5 $146 (4. Nf3 4... Bg4 $16) 4... Qd5 5.
Bxc6+ Qxc6 6. Nf3 Qe4+ 7. Kf1 Bg4 8. d3 Bxf3 9. Qxf3 (9. dxe4 $2 {
ist verfuehrerisch, aber} 9... Bxd1 10. c3 10... Rd8 $19) (9. gxf3 $6 9... Qf5
$14) 9... Qxf3 {Droht Matt: Qd1} 10. gxf3 Rc8 11. Nc3 11... a6 {Staerkt b5} 12.
Bf4 b5 13. Rc1 g6 14. Ne4 Bg7 15. c3 {Ueberdeckt d4} 15... Rd8 16. Nc5 16...
Ra8 $16 (16... a5 17. Re1 $14) 17. Rg1 e6 18. d4 Ke7 19. Ne4 Rc8 20. Bd6+ {
Weiss ergreift die Initiative} 20... Kd7 21. Be5 f6 22. Bf4 Bf8 23. h4 23...
Rc4 $18 (23... Be7 $5 $16) 24. h5 Ra4 (24... gxh5 $4 {vergiftet...} 25. Rxg8
Rxg8 26. Nxf6+ Ke7 27. Nxg8+ Kf7 28. Nh6+ Bxh6 29. Bxh6 $18) 25. hxg6 hxg6 26.
Rxg6 Be7 (26... Kc8 27. Nxf6 Ne7 28. Rg1 Rxa2 29. Rb1 $18) 27. a3 Rc4 28. Rg7
Ke8 (28... Rc6 29. Ke2 f5 30. Nc5+ Ke8 31. Nd3 $18) 29. Ke2 Rc6 30. Rcg1 Kf8
31. R1g6 f5 (31... a5 32. Kd3 $18) 32. d5 {Es droht Matt} 32... exd5 33. Rxc6
Kxg7 34. Be5+ Kh7 (34... Kf7 {aendert nichts mehr} 35. Bxh8 fxe4 36. fxe4 dxe4
37. Rxa6 $18) 35. Ng3 f4 36. Nf5 $1 {die Pointe} (36. Bxh8 $6 {
ist sichtlich schlechter} 36... fxg3 37. Be5 37... g2 $18) 36... Bf6 37. Bxf6 (
37. Rxf6 $6 37... Nxf6 38. Bxf4 Kg6 39. Ne7+ 39... Kf7 $11) 37... Nxf6 38. Rxf6
Re8+ 39. Kd2 Kg8 (39... Ra8 {waere gleichermassen fruchtlos} 40. Kd3 $18) 40.
Rxa6 Rf8 41. Nd4 Kf7 42. Rd6 Rg8 43. Rxd5 Rg2 44. Ke2 Rg1 45. Rxb5 Ra1 1-0